000 00408pab a2200157 454500
008 180718b2007 xxu||||| |||| 00| 0 eng d
100 _aVir, Dharam
245 _aThe advance licensing scheme: Yes, Minister: Yes, PAC
260 _c2007
300 _ap.37-54.
362 _aJan
650 _aPublic finance
773 _aIndian Journal of Public Audit and Accountability
908 _aN
909 _a73570
999 _c73570
_d73570